000 00433nam a2200169Ia 4500
003 GCL
008 140319s9999 xx 000 0 ara d
040 _aGCL /
_cGCL
082 0 4 _a811.9
_bم ذ
100 1 _aمحمود درويش
245 1 0 _aذاكرة للنسيان /
_cمحمود درويش
300 _a159 ص
490 _a
650 0 4 _aالادب العربى
650 0 4 _aالقصص العربية
942 _2ddc
_cBK
999 _c44083
_d44083